00759nam a2200217 i 4500008004100000020002800041040001500069100003200084245007200116264006700188300005800255336002600313337002800339338002700367500002100394504004100415650004300456650002400499003000100523005001700524  a9780521817509(hardback) aNUSTcNUST1 aHoyle, Rebecca B.,aauthor.10aPattern formation :ban introduction to methods /cRebecca B. Hoyle 1aCambridge, United Kingdom :bCambridge University Press,c2006 ax, 422 pages :billustrations (some colour) ;c27 cm. atextbtxt2rdacontent aunmediatedbn2rdamedia avolumebnc2rdacarrier a Includes index. aIncludes bibliographical references. 0aPattern formation (Physical sciences). 0aNonlinear theories.20230123141237.0